Statistiques concernant Les 20 préfectures les plus proches d'Epinal

Cliquez ici pour prendre le quiz!

Statistiques générales

  • Ce quiz a été pris 66 fois
  • Le résultat moyen est 14 sur 20

Statistiques - réponses

distance (en km)ville préfecture% Correct
63Nancy
97%
108.90Metz
95%
104Strasbourg
93%
65.13Colmar
88%
64.78Belfort
87%
108.82Besançon
83%
143Dijon
82%
179.79Troyes
78%
179.91Chalons en Champagne
73%
66Vesoul
73%
221.41Auxerre
72%
119Bar le Duc
72%
221.00Charleville-Mezieres
67%
101Chaumont
65%
242Macon
58%
282Nevers
55%
238Bourg en Bresse
53%
262Laon
53%
254Annecy
50%
180.21Lons le Saunier
42%

Distribution des résultats

Percentile par nombre de réponses

% des personnes avec chaque résultat

Votre développement - résultats

Vous n’avez pas pris ce quiz